Нормативные документы по техническому обследованию резуруаров для хранения взрывопожароопасных и агрессивных продуктов (Запись № 429452)

Подробности
000 -МАРКЕР
контрольное поле 02479nam0a2200337 4500
001 - ИДЕНТИФИКАТОР ЗАПИСИ
контрольное поле RU\NLR\bibl\988221
005 - ИДЕНТИФИКАТОР ВЕРСИИ
контрольное поле 20260407100940.0
010 ## - МЕЖДУНАРОДНЫЙ СТАНДАРТНЫЙ НОМЕР КНИГИ (ISBN)
Номер (ISBN) 5-93586-086-4
Тираж 1000
035 ## - ДРУГИЕ СИСТЕМНЫЕ НОМЕРА
Идентификатор записи (NLR Aleph) 000976069
100 ## - ДАННЫЕ ОБЩЕЙ ОБРАБОТКИ
Данные общей обработки 20060927d2004 |||y0rusy50 ca
101 0# - ЯЗЫК РЕСУРСА
Язык текста, звукозаписи и т.д. русский
102 ## - СТРАНА ПУБЛИКАЦИИ ИЛИ ПРОИЗВОДСТВА
Страна публикации Российская Федерация
105 ## - ПОЛЕ КОДИРОВАННЫХ ДАННЫХ: ТЕКСТОВЫЕ МАТЕРИАЛЫ, МОНОГРАФИЧЕСКИЕ
Кодированные данные о монографическом текстовом документе a |||||||||
200 1# - ЗАГЛАВИЕ И СВЕДЕНИЯ ОБ ОТВЕТСТВЕННОСТИ
Основное заглавие Нормативные документы по техническому обследованию резуруаров для хранения взрывопожароопасных и агрессивных продуктов
Сведения, относящиеся к заглавию сборник документов
Первые сведения об ответственности Федер. горн. и пром. надзор России (Госгортехнадзор России), [НТЦ "Пром. безопасность"]
205 ## - СВЕДЕНИЯ ОБ ИЗДАНИИ
Сведения об издании [Офиц. изд.]
210 ## - ПУБЛИКАЦИЯ, РАСПРОСТРАНЕНИЕ И ДР.
Место издания, распространения и т.д. Москва
Имя издателя, распространителя и т. д. Федеральное государственное унитарное предприятие "Научно-технический центр по безопасности в промышленности Госгортехнадзора России"
Дата издания, распространения и т.д. 2004
215 ## - ФИЗИЧЕСКАЯ ХАРАКТЕРИСТИКА
Специфическое обозначение материала и объем 234 с.
Другие сведения о физической характеристике ил.
Размеры 20
225 1# - СЕРИЯ
Основное заглавие серии Серия 03 Нормативные документы межотраслевого применения по вопросам промышленной безопасности и охраны недр
Обозначение тома вып. 4
313 ## - ПРИМЕЧАНИЯ, ОТНОСЯЩИЕСЯ К ТЕМАТИЧЕСКОМУ ДОСТУПУ
Текст примечания железобетонные резервуары для нефти и резервеары для жидких газов
320 ## - ПРИМЕЧАНИЯ О НАЛИЧИИ В ДОКУМЕНТЕ БИБЛИОГРАФИИ / УКАЗАТЕЛЯ
Текст примечания Библиогр.: с. 233-234 (21 назв.)
606 1# - НАИМЕНОВАНИЕ ТЕМЫ КАК ПРЕДМЕТ
Наименование темы Нефтяные резервуары железобетонные
Формальный подзаголовок Нормативные документы
Тематический подзаголовок Техническая диагностика
Системный номер авторитетной/нормативной записи 2444852
Идентификатор авторитетной/нормативной записи RU\NLR\auth\661454156
606 1# - НАИМЕНОВАНИЕ ТЕМЫ КАК ПРЕДМЕТ
Наименование темы Резервуары для жидких газов
Формальный подзаголовок Нормативные документы
Тематический подзаголовок Техническая диагностика
Системный номер авторитетной/нормативной записи 2444853
Идентификатор авторитетной/нормативной записи RU\NLR\auth\661454157
686 ## - ИНДЕКСЫ ДРУГИХ КЛАССИФИКАЦИЙ
Индекс Л10-309.42-52-082.051н6я8
686 ## - ИНДЕКСЫ ДРУГИХ КЛАССИФИКАЦИЙ
Индекс Л54-309-523-082.051н6я8
712 01 - НАИМЕНОВАНИЕ ОРГАНИЗАЦИИ - ВТОРИЧНАЯ ОТВЕТСТВЕННОСТЬ
Код отношения Прочие
Начальный элемент ввода Российская Федерация
Структурное подразделение Федеральный горный и промышленный надзор
-- Научно-технический центр по безопасности в промышленности
Системный номер авторитетной/нормативной записи 611080
Идентификатор авторитетной/нормативной записи RU\NLR\AUTH\8810055255
801 #0 - ИСТОЧНИК ЗАПИСИ
Страна Российская Федерация
Организация NLR
Дата составления 20060927
Правила каталогизации rcr
801 #1 - ИСТОЧНИК ЗАПИСИ
Страна Российская Федерация
Организация NLR
Дата составления 20060927
942 ## - ДОПОЛНИТЕЛЬНЫЕ ЭЛЕМЕНТЫ ЗАПИСИ (АБИС)
Тип экземпляра АБИС Книга
980 ## - КОЛЛЕКЦИЯ
Название коллекции Национальная библиография
Экземпляры
Тип экземпляра Дата поступления Источник поступления Библиотека постоянного хранения Библиотека текущего хранения Место хранения Шифр хранения Штрих-код Статус экземпляра
Книга 27.09.2006 Контрольный экземпляр из типографии РНБ (Московский) РНБ (Московский) Фонд нормативно-технических и технических документов Пт 2006-1/53 1-706371  
Книга 27.09.2006 Контрольный экземпляр из типографии РНБ (Московский) РНБ (Московский) Фонд нормативно-технических и технических документов, подручный Пт 2006-1/53 1-706372